Statistics for Miami Hurricane First Round NFL Draft Picks

Click here to take the quiz!

General Stats

  • This quiz has been taken 370 times
  • The average score is 12 of 59

Answer Stats

HintAnswer% Correct
1996Ray Lewis
74%
2001Damione Lewis
70%
2002Edward Reed
66%
1988Michael Irvin
57%
2004Sean Taylor
52%
1987Vinny Testaverde
49%
1995Warren Sapp
48%
2003Willis McGahee
44%
1979Don Smith
37%
2002Jeremy Shockey
36%
2004Kellen Winslow
36%
2001Santana Moss
36%
2006Kelly Jennings
32%
2003William Joseph
32%
1983Jim Kelly
30%
1985Eddie Brown
28%
1999Edgerrin James
28%
1987Jerome Brown
27%
2004Jonathan Vilma
24%
2004Vince Wilfork
24%
2001Reggie Wayne
23%
2002Bryant McKinnie
22%
1991Russell Maryland
22%
2002Phillip Buchanon
19%
2005Antrel Rolle
18%
1988Bennie Blades
18%
2004D.J. Williams
18%
1992Darryl Williams
17%
1982Lester Williaims
17%
1989Steve Walsh
17%
2003Andre Johnson
16%
1990Cortez Kennedy
13%
1987Alonzo Highsmith
12%
2002Mike Rumph
11%
1979Ottis Anderson
11%
2001Dan Morgan
10%
1997Yatil Green
10%
2000Daniel Franks
8%
2003Jerome McDougle
8%
1991Randal Hill
8%
2008Kenny Phillips
7%
1989Cleveland Gary
6%
1997Kenny Holmes
6%
1992Leon Searcy
6%
1984Bernie Kosar
5%
2007Brandon Meriweather
5%
2004Vernon Carey
5%
1998Duane Starks
4%
1973Burgess Owens
3%
1957Don Bosseler
3%
1952Jim Dooley
3%
1989Bill Hawkins
2%
1973Chuck Foreman
2%
1977Eddie Edwards
2%
1975Dennis Harrah
1%
1967Gene Trosch
1%
1956Jack Losch
1%
1997Kenard Lang
1%
1978Don Latimer
0%

Score Distribution

Percentile by Number Answered

Percent of People with Each Score

Your Score History

You have not taken this quiz